000 00717nam a2200217 i 4500
001 94790
003 ES-MaACL
005 20250828022658.0
007 t|
008 050516s1963 sp ||||1| spa d
100 1 _aLubienska de Lenval, Hélène.
_974500
245 1 3 _aLa educación del sentido religioso /
_cHelene Lubienska de Lenval; [versión española de Antonio Segarra].
260 _aBarcelona :
_bHerder,
_c1963.
300 _a284 p. ;
_c20 cm.
490 1 _aProblemas de pedagogía
650 7 _aEducación cristiana de niños
_2embne
_9166197
700 1 _aSegarra, Antonio.
_9105115
830 0 _aProblemas de pedagogía
_9182335
852 _aES-MaACL
_jC-23895
_bR.52722
999 _c94790
_d94790